Statistics for Geography General Knowledge #2

Click here to take the quiz!

General Stats

  • This quiz has been taken 78,406 times
  • The average score is 11 of 20

Answer Stats

Question Answer % Correct
In what city would you find a gondola?Venice
92%
What country's national bird is the kiwi?New Zealand
86%
What is the world's biggest river, by volume of water discharged?Amazon
83%
What is the smallest country?Vatican City
79%
What country is completely surrounded by South Africa?Lesotho
65%
What island's northern part is known as Ulster?Ireland
61%
By land area, what is the largest country in Africa?Algeria
61%
What salty lake is located at 1,388 ft below sea level?Dead Sea
58%
What is the national airline of Australia?Qantas
57%
Barcelona is the capital of what Spanish autonomous region?Catalonia
55%
What city is also known as Wien?Vienna
55%
What island is situated between Ireland and Great Britain?Isle of Man
53%
What is the tallest mountain in the United States?Denali
49%
What building is commonly used for royal British weddings, coronations, and burials?Westminster Abbey
49%
What city did Brigham Young found in 1847?Salt Lake City
40%
What is the largest Russian city on the Pacific Ocean?Vladivostok
37%
What island is the southernmost point of the Florida Keys?Key West
36%
What is Canada's largest island?Baffin Island
30%
What country is nearest to the French territory of St. Pierre and Miquelon?Canada
22%
What national capital can be translated as "Red Hero"?Ulaanbaatar
12%

Score Distribution

Percentile by Number Answered

Percent of People with Each Score

Your Score History

You have not taken this quiz